| 000 | 00910nam a2200217 i 4500 | ||
|---|---|---|---|
| 001 | 148194 | ||
| 003 | ES-MaACL | ||
| 005 | 20230906202503.0 | ||
| 007 | t| | ||
| 008 | 070214s1949 sp r ||||1| spa d | ||
| 100 | 1 |
_aStokes, John H. _9108278 |
|
| 245 | 1 | 0 |
_aSifilología clínica moderna _b: diagnóstico, tratamiento y casuística / _cpor John H. Stokes, Herman Beerman, Norman R. Ingraham ; colaboradores de la presente edición: Elizabeth R. Constant ... [et al.] ; versión de la tercera edición inglesa por el Dr. M. Casanovas Viadé. |
| 260 |
_aBarcelona [etc.] : _bSalvat, _c1949 ( _fImp. Hispano-Americana) |
||
| 300 |
_a2 t. : _bil. ; _c26 cm. |
||
| 650 | 0 | 4 |
_aSífilis. _917092 |
| 700 | 1 |
_aBeerman, Herman. _927026 |
|
| 700 | 1 |
_aIngraham, Norman R. _965306 |
|
| 700 | 1 |
_aConstant , Elizabeth R. _940244 |
|
| 700 | 1 |
_aCasanovas Viadé, Modesto. _936132 |
|
| 852 |
_aES-MaACL _jE-545-46 _bR.26830 |
||
| 999 |
_c148194 _d148194 |
||